| 000 | 00627nam a2200241Ia 4500 | ||
|---|---|---|---|
| 003 | OSt | ||
| 005 | 20221007073323.0 | ||
| 006 | a|||||r|||| 00| 0 | ||
| 007 | ta | ||
| 008 | 221006b |||||||| |||| 00| 0 hin d | ||
| 024 | _a9,990 | ||
| 037 | _cReference Collections | ||
| 040 |
_aFLL _cFLL _bhin |
||
| 041 |
_2hin _ahin |
||
| 082 | _aXM55:Z2, N7 | ||
| 100 | _aAvtar Singh | ||
| 245 | 0 | _aCompany law | |
| 250 | _a4th | ||
| 260 |
_aLucknow _bEastern Book Comp. India _c1997 |
||
| 300 |
_alxxxiii,389p _ccm. |
||
| 942 |
_hXM55:Z2, N7 _cREF _2CC |
||
| 999 |
_c1148339 _d1148339 |
||